| 000 | 00306 a2200121 4500 | ||
|---|---|---|---|
| 001 | 84990 | ||
| 082 | _a519.1 MEN | ||
| 090 |
_c40083 _d40082 |
||
| 100 | _aWilliam Mendenhall | ||
| 245 | _aIntroduction to Probability and Statistics 13th/ed | ||
| 250 | _a13 | ||
| 260 |
_aAustralia _bCengage Learning _c2011 |
||
| 942 |
_aNUST-CAE _k519.1 MEN |
||
| 999 |
_c320063 _d320063 |
||